[Event "HUN-ch U8-U18 2019"]
[Site "Balatonlelle"]
[Date "2019.06.26"]
[Round "8.23"]
[White "Gergely, Daniel"]
[Black "Megyaszai, Balazs"]
[Result "0-1"]
[WhiteElo "1427"]
[BlackElo "1905"]
[Annotator "NA RC"]
[PlyCount "98"]
[EventDate "2019.06.21"]
[EventType "swiss"]
[EventCountry "HUN"]
[SourceTitle "playchess.com"]
[Source "ChessBase"]
[SourceQuality "1"]
[TimeControl "40/5400+30:1800+30"]

1. d4 {[%emt 0:00:02]} d5 {[%emt 0:00:42]} 2. Bf4 {[%emt 0:00:17]} Nf6 {[%emt 0:01:00]} 3. e3 {[%emt 0:00:16]} c5 {[%emt 0:03:53]} 4. c3 {[%emt 0:00:44]} Nc6 {[%emt 0:09:02]} 5. Nf3 {[%emt 0:01:18]} Qb6 {[%emt 0:02:39]} 6. Qc2 {[%emt 0:01:03]} Bf5 {[%emt 0:05:10]} 7. dxc5 {[%emt 0:00:46]} Bxc2 {[%emt 0:00:55]} 8. cxb6 {[%emt 0:00:20]} Bxb1 {[%emt 0:02:08]} 9. Rxb1 {[%emt 0:00:17]} axb6 {[%emt 0:00:58]} 10. a3 {[%emt 0:01:00]} e6 {[%emt 0:04:56]} 11. Bb5 {[%emt 0:01:40]} Nd7 {[%emt 0:16:46]} 12. O-O {[%emt 0:05:05]} Be7 {[%emt 0:06:27]} 13. Nd4 {[%emt 0:07:29]} Na7 {[%emt 0:06:57]} 14. Bxd7+ {[%emt 0:02:07]} Kxd7 {[%emt 0:00:50]} 15. Bg3 {[%emt 0:01:19]} Nc6 {[%emt 0:01:51]} 16. f4 {[%emt 0:01:14]} g6 {[%emt 0:08:35]} 17. Rbe1 {[%emt 0:05:29]} Rhd8 {[%emt 0:02:53]} 18. Rf2 {[%emt 0:02:05]} Ke8 {[%emt 0:01:18]} 19. Rfe2 {[%emt 0:04:03]} Bf6 {[%emt 0:01:47]} 20. Bf2 {[%emt 0:05:52]} Ra4 {[%emt 0:01:19]} 21. Kh1 {[%emt 0:01:35]} Kf8 {[%emt 0:01:25]} 22. Rd2 {[%emt 0:00:31]} Kg7 {[%emt 0:02:20]} 23. Rg1 {[%emt 0:04:52]} h5 {[%emt 0:03:51]} 24. g4 {[%emt 0:01:59]} hxg4 {[%emt 0:03:39]} 25. Rxg4 {[%emt 0:00:12]} Bxd4 {[%emt 0:01:22]} 26. exd4 {[%emt 0:00:21]} Rc8 {[%emt 0:01:21]} 27. Bg3 {[%emt 0:01:23]} Ne7 {[%emt 0:00:43]} 28. h4 {[%emt 0:01:58]} Rh8 {[%emt 0:02:50]} 29. Rh2 {[%emt 0:00:33]} Raa8 {[%emt 0:02:12]} 30. h5 {[%emt 0:00:53]} Nf5 {[%emt 0:00:38]} 31. Bf2 {[%emt 0:00:30]} Rag8 {[%emt 0:00:47]} 32. hxg6 {[%emt 0:00:38]} fxg6 {[%emt 0:00:34]} 33. Rxh8 {[%emt 0:00:31]} Rxh8+ {[%emt 0:00:24]} 34. Kg2 {[%emt 0:00:09]} b5 {[%emt 0:00:35]} 35. Rg5 {[%emt 0:01:16]} Rh7 {[%emt 0:00:32]} 36. Rg4 {[%emt 0:00:23]} Rh8 {[%emt 0:00:34]} 37. Rg5 {[%emt 0:00:11]} Kf7 {[%emt 0:00:25]} 38. Rg4 {[%emt 0:00:45]} Rh7 {[%emt 0:00:28]} 39. Rg5 {[%emt 0:00:29]} Kg7 {[%emt 0:00:15]} 40. Rg4 {[%emt 0:00:00]} Rh8 {[%emt 0:00:00]} 41. Rg5 {[%emt 0:08:54]} Kf6 {[%emt 0:00:00]} 42. Rg4 {[%emt 0:03:28]} Rh7 {[%emt 0:00:00]} 43. Rg5 {[%emt 0:01:04]} Nd6 {[%emt 0:00:00]} 44. Be3 {[%emt 0:00:58]} Ne4 {[%emt 0:00:00]} 45. Rg4 {[%emt 0:00:41]} Kf5 {[%emt 0:00:00]} 46. Rg5+ {[%emt 0:01:14]} Nxg5 {[%emt 0:00:00]} 47. fxg5 {[%emt 0:00:09]} Kg4 {[%emt 0:00:00]} 48. Bd2 {[%emt 0:00:12]} Rh3 {[%emt 0:00:00]} 49. Bc1 {[%emt 0:00:28]} Rd3 0-1

[Event "HUN-ch U8-U18 2019"]
[Site "Balatonlelle"]
[Date "2019.06.27"]
[Round "8.23"]
[White "Buri, Kata"]
[Black "Sulyok, Eszter"]
[Result "0-1"]
[WhiteElo "1393"]
[BlackElo "1840"]
[Annotator "NA RC"]
[PlyCount "66"]
[EventDate "2019.06.21"]
[EventType "swiss"]
[EventCountry "HUN"]
[SourceTitle "playchess.com"]
[Source "ChessBase"]
[SourceQuality "1"]

1. e4 c5 2. Nf3 e6 3. d4 cxd4 4. Nxd4 a6 5. Nc3 Qc7 6. g3 Bb4 7. Bd2 b6 8. Qg4 Bf8 9. Bg2 Bb7 10. O-O-O Nf6 11. Qe2 d6 12. f4 Nbd7 13. Rhe1 Be7 14. g4 O-O-O 15. g5 Ne8 16. e5 dxe5 17. fxe5 Nxe5 18. Bxb7+ Kxb7 19. Qe4+ Nc6 20. Be3 Nd6 21. Qf3 e5 22. Nf5 Nxf5 23. Qxf5 Bb4 24. Nd5 Rxd5 25. Rxd5 Ne7 26. Qe4 Nxd5 27. Qxd5+ Kb8 28. Rf1 Rf8 29. h4 f5 30. Qe6 Bc5 31. Bxc5 Qxc5 32. Rxf5 Qe3+ 33. Kd1 Rd8+ 0-1

[Event "HUN-ch U8-U18 2019"]
[Site "Balatonlelle"]
[Date "2019.06.27"]
[Round "8.24"]
[White "Toth, Nikoletta"]
[Black "Kovacsi, Sara Kata"]
[Result "1-0"]
[WhiteElo "2010"]
[BlackElo "1570"]
[Annotator "NA RC"]
[PlyCount "81"]
[EventDate "2019.06.21"]
[EventType "swiss"]
[EventCountry "HUN"]
[SourceTitle "playchess.com"]
[Source "ChessBase"]
[SourceQuality "1"]

1. Nf3 Nf6 2. g3 g6 3. Bg2 Bg7 4. O-O O-O 5. d4 d5 6. b3 c5 7. Bb2 Ne4 8. e3 Nc6 9. Nbd2 Bg4 10. h3 Nxd2 11. Qxd2 Bf5 12. Rac1 Be4 13. Rfd1 c4 14. Ne5 Bxg2 15. Nxc6 bxc6 16. Kxg2 c5 17. Rb1 cxb3 18. cxb3 cxd4 19. Bxd4 Bxd4 20. Qxd4 e6 21. b4 Qb6 22. b5 Qxd4 23. Rxd4 Rfc8 24. Rdb4 Rc4 25. Kf3 Kf8 26. a4 Ke7 27. Rxc4 dxc4 28. Ke4 Kd6 29. Kd4 Rc8 30. Kc3 e5 31. e4 f5 32. f3 Ke6 33. Rb4 fxe4 34. fxe4 Rf8 35. Kxc4 Rc8+ 36. Kb3 Kd7 37. Rc4 Rb8 38. Rc6 Rb7 39. Kc4 Rb8 40. Kd5 Re8 41. Ra6 1-0

[Event "HUN-ch U8-U18 2019"]
[Site "Balatonlelle"]
[Date "2019.06.26"]
[Round "8.24"]
[White "Marjanovic, Alex"]
[Black "Szarka, Tibor"]
[Result "0-1"]
[WhiteElo "1629"]
[BlackElo "1379"]
[Annotator "NA RC"]
[PlyCount "132"]
[EventDate "2019.06.21"]
[EventType "swiss"]
[EventCountry "HUN"]
[SourceTitle "playchess.com"]
[Source "ChessBase"]
[SourceQuality "1"]

1. e4 d6 2. d4 Nf6 3. Nc3 Nbd7 4. f4 e5 5. Nf3 exd4 6. Qxd4 Be7 7. g4 O-O 8. h3 c6 9. Be3 Qb6 10. O-O-O Qxd4 11. Nxd4 Nc5 12. Bg2 Re8 13. g5 Nfxe4 14. Bxe4 Bf8 15. Bxh7+ Kxh7 16. Bd2 d5 17. Rhe1 Bd7 18. Nf3 Kg8 19. Rxe8 Rxe8 20. h4 Ne4 21. Nxe4 Rxe4 22. Re1 Rxe1+ 23. Nxe1 Bf5 24. Nd3 Bxd3 25. cxd3 g6 26. Kd1 Bg7 27. b3 f6 28. Ke2 fxg5 29. hxg5 Bd4 30. Kf3 Kf7 31. a4 b6 32. a5 bxa5 33. Bxa5 Ke6 34. Kg4 Bb6 35. Bc3 a6 36. d4 c5 37. dxc5 Bxc5 38. Kf3 Kf5 39. Bd2 Bd6 40. Be3 d4 41. Bd2 d3 42. b4 Bc7 43. Bc1 Bb8 44. Be3 Bc7 45. Bc1 Bb6 46. Bd2 Bd4 47. Be1 Bb2 48. Bd2 Bd4 49. Be1 Bb6 50. Bd2 Bc7 51. Bc1 a5 52. b5 a4 53. Be3 a3 54. b6 Bb8 55. b7 a2 56. Bd4 Bxf4 57. Bc3 Kxg5 58. Bd2 Bxd2 59. b8=Q a1=Q 60. Qg3+ Kh6 61. Qh4+ Kg7 62. Qe7+ Kg8 63. Qd8+ Kh7 64. Qxd3 Qc3 65. Qxc3 Bxc3 66. Kg4 Kh6 0-1

[Event "HUN-ch U8-U18 2019"]
[Site "Balatonlelle"]
[Date "2019.06.26"]
[Round "8.25"]
[White "Vancsisin, Mark"]
[Black "Kasnya, Peter"]
[Result "0-1"]
[WhiteElo "1246"]
[BlackElo "1496"]
[Annotator "NA RC"]
[PlyCount "117"]
[EventDate "2019.06.21"]
[EventType "swiss"]
[EventCountry "HUN"]
[SourceTitle "playchess.com"]
[Source "ChessBase"]
[SourceQuality "1"]

1. e4 c5 2. c3 d5 3. exd5 Qxd5 4. d4 e6 5. Nf3 Nf6 6. Bd3 Be7 7. O-O O-O 8. Na3 a6 9. Nc4 Nbd7 10. a4 b5 11. Ne3 Qc6 12. axb5 axb5 13. Bxb5 Qb7 14. Rxa8 Qxa8 15. Bd3 Bb7 16. Be2 Rd8 17. Nc4 Qb8 18. Qc2 Be4 19. Qa4 Ng4 20. g3 Qb7 21. Ncd2 Nb6 22. Qa6 Qxa6 23. Bxa6 Bd5 24. h3 Nf6 25. Ne5 Ne4 26. Nxe4 Bxe4 27. f3 Bd5 28. Be3 c4 29. Bb5 Rd6 30. Bf4 Rd8 31. Nc6 Bxc6 32. Bxc6 Bd6 33. Bxd6 Rxd6 34. Be4 f5 35. Bb7 Na4 36. Rb1 Rb6 37. Bc8 Kf7 38. d5 exd5 39. Bxf5 g6 40. Bc2 Nxb2 41. Kf1 Na4 42. Rc1 Nxc3 43. Bxg6+ hxg6 44. Rxc3 Rb3 45. Rc1 Rxf3+ 46. Kg2 Rd3 47. g4 c3 48. h4 d4 49. Kf2 Rh3 50. h5 gxh5 51. gxh5 Rxh5 52. Ke2 Ke6 53. Ra1 Rc5 54. Kd3 Kd5 55. Rh1 Rc8 56. Rh5+ Ke6 57. Kxd4 c2 58. Rh6+ Kf5 59. Rh5+ 0-1

[Event "HUN-ch U8-U18 2019"]
[Site "Balatonlelle"]
[Date "2019.06.26"]
[Round "8.26"]
[White "Szabo, Marton Nandor"]
[Black "Makay, Mark Janos"]
[Result "1/2-1/2"]
[WhiteElo "1665"]
[BlackElo "1354"]
[Annotator "NA RC"]
[PlyCount "50"]
[EventDate "2019.06.21"]
[EventType "swiss"]
[EventCountry "HUN"]
[SourceTitle "playchess.com"]
[Source "ChessBase"]
[SourceQuality "1"]

1. c4 Nf6 2. Nf3 g6 3. g3 c6 4. Bg2 d5 5. d4 Bg7 6. O-O O-O 7. Nbd2 Nbd7 8. b3 Ne4 9. Bb2 f5 10. Nxe4 fxe4 11. Ne5 e6 12. f4 Nxe5 13. fxe5 b6 14. Ba3 Rxf1+ 15. Qxf1 Bf8 16. Qxf8+ Qxf8 17. Bxf8 Kxf8 18. Rf1+ Kg7 19. Rf6 Bd7 20. Bh3 Re8 21. Kf2 Rf8 22. Rxf8 Kxf8 23. Ke3 g5 24. Bg4 Kf7 25. h4 Kg6 1/2-1/2

[Event "HUN-ch U8-U18 2019"]
[Site "Balatonlelle"]
[Date "2019.06.26"]
[Round "8.27"]
[White "Foldes, Marton Gabor"]
[Black "Karacsonyi, Bank"]
[Result "1-0"]
[WhiteElo "1653"]
[BlackElo "1529"]
[Annotator "NA RC"]
[PlyCount "87"]
[EventDate "2019.06.21"]
[EventType "swiss"]
[EventCountry "HUN"]
[SourceTitle "playchess.com"]
[Source "ChessBase"]
[SourceQuality "1"]

1. e4 c5 2. Nf3 Nc6 3. d4 cxd4 4. Nxd4 Nf6 5. Nc3 e5 6. Ndb5 d6 7. Bg5 a6 8. Na3 b5 9. Nd5 Be7 10. Bxf6 Bxf6 11. c4 b4 12. Nc2 a5 13. g3 O-O 14. Bg2 Bg5 15. O-O Ne7 16. Nxe7+ Bxe7 17. Ne3 Ba6 18. b3 a4 19. Nd5 Rb8 20. Qd3 Qd7 21. Rfd1 Rfd8 22. Kh1 Bg5 23. f4 exf4 24. gxf4 Bh6 25. Rg1 Kh8 26. Bh3 Qa7 27. Raf1 axb3 28. axb3 Bb7 29. Rg3 Qc5 30. Bg2 Bxd5 31. cxd5 Rdc8 32. e5 Ra8 33. Qf5 dxe5 34. fxe5 Rf8 35. Rh3 g6 36. Qe4 Bg7 37. Rhf3 Rfe8 38. Rxf7 Rxe5 39. Qh4 Rh5 40. Qf2 Qd6 41. h3 Ra3 42. Qc2 Qa6 43. Qc7 Qa8 44. Qe7 1-0

[Event "HUN-ch U8-U18 2019"]
[Site "Balatonlelle"]
[Date "2019.06.26"]
[Round "8.28"]
[White "Giang, Tran Nam"]
[Black "Lehocz, Jozsef Jr."]
[Result "1-0"]
[WhiteElo "2008"]
[BlackElo "1382"]
[Annotator "NA RC"]
[PlyCount "59"]
[EventDate "2019.06.21"]
[EventType "swiss"]
[EventCountry "HUN"]
[SourceTitle "playchess.com"]
[Source "ChessBase"]
[SourceQuality "1"]

1. e4 b6 2. d4 Bb7 3. Bd3 e6 4. Nf3 Nf6 5. Qe2 d5 6. e5 Nfd7 7. O-O c5 8. c3 Nc6 9. a3 a5 10. Bg5 Be7 11. Bxe7 Nxe7 12. Re1 Qc8 13. Nbd2 Ba6 14. c4 h6 15. Rac1 Qb7 16. cxd5 Nxd5 17. Nc4 Nf4 18. Nd6+ Ke7 19. Qd2 Qd5 20. Be4 Qb3 21. Qxf4 Raf8 22. Bc6 Nb8 23. Bb7 g5 24. Qf6+ Kd7 25. Bxa6 Nxa6 26. dxc5 Nxc5 27. Red1 Kc7 28. Qe7+ Kb8 29. Nd4 Qa4 30. N4b5 1-0

[Event "HUN-ch U8-U18 2019"]
[Site "Balatonlelle"]
[Date "2019.06.26"]
[Round "8.29"]
[White "Toth, Barnabas"]
[Black "Csontos, Aron"]
[Result "1/2-1/2"]
[WhiteElo "1363"]
[BlackElo "1376"]
[Annotator "NA RC"]
[PlyCount "74"]
[EventDate "2019.06.21"]
[EventType "swiss"]
[EventCountry "HUN"]
[SourceTitle "playchess.com"]
[Source "ChessBase"]
[SourceQuality "1"]

1. e4 e5 2. Nf3 Nc6 3. Bc4 Bc5 4. O-O Nf6 5. d3 d6 6. h3 Na5 7. Bd5 c6 8. Bb3 Nxb3 9. axb3 h6 10. c3 Bb6 11. Na3 Be6 12. Nc4 Bxc4 13. bxc4 O-O 14. Re1 Re8 15. Be3 a6 16. b4 Bc7 17. Qc2 d5 18. cxd5 cxd5 19. Rad1 Qe7 20. Bc5 Bd6 21. exd5 Bxc5 22. Rxe5 Qd6 23. Rxe8+ Rxe8 24. bxc5 Qxc5 25. d4 Qxd5 26. Ne5 Rc8 27. c4 Qe4 28. Qxe4 Nxe4 29. Rc1 f6 30. Nf3 Nd6 31. c5 Kf7 32. Rb1 Nb5 33. Kf1 g5 34. Ke1 Ke6 35. Kd2 Kd5 36. Kd3 Re8 37. Rb4 Re6 1/2-1/2

[Event "HUN-ch U8-U18 2019"]
[Site "Balatonlelle"]
[Date "2019.06.26"]
[Round "8.30"]
[White "Matyassy, Lazar"]
[Black "Varga, Boldizsar"]
[Result "1/2-1/2"]
[WhiteElo "1539"]
[BlackElo "1804"]
[Annotator "NA RC"]
[PlyCount "85"]
[EventDate "2019.06.21"]
[EventType "swiss"]
[EventCountry "HUN"]
[SourceTitle "playchess.com"]
[Source "ChessBase"]
[SourceQuality "1"]

1. e4 e5 2. Nf3 Nc6 3. d4 exd4 4. Bc4 h6 5. Nxd4 Bc5 6. Nxc6 Qf6 7. O-O bxc6 8. Nc3 Ne7 9. Qh5 Bb6 10. Na4 O-O 11. Nxb6 cxb6 12. c3 Bb7 13. Be3 d5 14. exd5 cxd5 15. Bd3 Rfe8 16. Bd4 Qd6 17. Qg4 Ng6 18. Bxg6 Qxg6 19. Qxg6 fxg6 20. Rfe1 Kf7 21. Re3 Rxe3 22. Bxe3 Re8 23. Re1 g5 24. f3 Bc8 25. Bf2 g4 26. Rxe8 Kxe8 27. f4 Ke7 28. g3 Ke6 29. Bd4 g6 30. Kf2 Kf5 31. Ke3 Ba6 32. Be5 Bb7 33. Kd4 h5 34. b4 a6 35. b5 axb5 36. Bc7 Ke6 37. Bxb6 Bc6 38. a3 Kd6 39. Bc5+ Ke6 40. Ba7 Kd6 41. Bb8+ Ke6 42. Be5 Be8 43. Kc5 1/2-1/2

[Event "HUN-ch U8-U18 2019"]
[Site "Balatonlelle"]
[Date "2019.06.26"]
[Round "8.31"]
[White "Panda, Barnabas"]
[Black "Baki, Bence"]
[Result "1/2-1/2"]
[WhiteElo "1722"]
[BlackElo "1174"]
[Annotator "NA RC"]
[PlyCount "80"]
[EventDate "2019.06.21"]
[EventType "swiss"]
[EventCountry "HUN"]
[SourceTitle "playchess.com"]
[Source "ChessBase"]
[SourceQuality "1"]

1. d4 d5 2. c4 Nc6 3. cxd5 Qxd5 4. e3 e5 5. Nc3 Bb4 6. Bd2 Bxc3 7. Bxc3 exd4 8. exd4 Be6 9. Qf3 O-O-O 10. Qxd5 Bxd5 11. Rd1 Bxa2 12. Bb5 Nge7 13. Ne2 Bd5 14. O-O a6 15. Bd3 Bb3 16. Rd2 Nd5 17. h3 Nxc3 18. bxc3 Na5 19. Rb2 Nc4 20. Rxb3 Nd2 21. Rb2 Nxf1 22. Kxf1 c5 23. f3 cxd4 24. Nxd4 g6 25. Bc4 Rd7 26. f4 Rc7 27. Bd5 Rd8 28. c4 b5 29. Nxb5 axb5 30. Rxb5 Kd7 31. c5 Rdc8 32. c6+ Rxc6 33. Bxc6+ Rxc6 34. Rb7+ Rc7 35. Rxc7+ Kxc7 36. Ke2 Kd6 37. Kd2 f5 38. g4 Ke6 39. Ke3 Kd5 40. Kd3 Kc5 1/2-1/2

[Event "HUN-ch U8-U18 2019"]
[Site "Balatonlelle"]
[Date "2019.06.26"]
[Round "8.32"]
[White "Vadkerti, Vince"]
[Black "Kovacs, Kristof"]
[Result "1-0"]
[WhiteElo "1558"]
[BlackElo "1435"]
[Annotator "NA RC"]
[PlyCount "45"]
[EventDate "2019.06.21"]
[EventType "swiss"]
[EventCountry "HUN"]
[SourceTitle "playchess.com"]
[Source "ChessBase"]
[SourceQuality "1"]

1. e4 e5 2. Nf3 Nc6 3. d4 exd4 4. Bc4 Nf6 5. O-O Nxe4 6. Re1 d5 7. Bxd5 Qxd5 8. Nc3 Qa5 9. Nxe4 Be6 10. Neg5 O-O-O 11. Nxe6 fxe6 12. Rxe6 Bd6 13. Bg5 Rdf8 14. Bh4 Qd5 15. Re3 Qh5 16. Re4 Qf5 17. Qd3 Bc5 18. Re8+ Kd7 19. Qxf5+ Rxf5 20. Rxh8 Nb4 21. Rd8+ Kc6 22. Nxd4+ Bxd4 23. Rxd4 1-0

[Event "HUN-ch U8-U18 2019"]
[Site "Balatonlelle"]
[Date "2019.06.26"]
[Round "8.33"]
[White "Kerekes, Laszlo Fulop"]
[Black "Havasi, Gergely Bulcsu"]
[Result "1-0"]
[WhiteElo "1320"]
[BlackElo "1486"]
[Annotator "NA RC"]
[PlyCount "71"]
[EventDate "2019.06.21"]
[EventType "swiss"]
[EventCountry "HUN"]
[SourceTitle "playchess.com"]
[Source "ChessBase"]
[SourceQuality "1"]

1. e4 d6 2. d4 c6 3. Nc3 Nf6 4. f4 e6 5. Nf3 Be7 6. Bd3 Nbd7 7. Bd2 b5 8. O-O Nb6 9. Qe2 b4 10. Nd1 a5 11. Ne3 Qc7 12. e5 Nfd5 13. Kh1 Nxf4 14. Qf2 Nxd3 15. cxd3 d5 16. Ng4 h5 17. Ne3 Ba6 18. Ne1 Bd8 19. a3 Na4 20. axb4 Nxb2 21. Rxa5 Qd7 22. Ra3 Bb7 23. Rxa8 Bxa8 24. b5 cxb5 25. Bb4 Bc6 26. Qxb2 h4 27. h3 Bg5 28. Ng4 f5 29. exf6 gxf6 30. Rxf6 Qc8 31. Rg6 Bd8 32. Qe2 Bd7 33. Qe5 Rh7 34. Rg8+ Kf7 35. Nh6+ Rxh6 36. Qg7# 1-0

[Event "HUN-ch U8-U18 2019"]
[Site "Balatonlelle"]
[Date "2019.06.26"]
[Round "8.34"]
[White "Pasti, Zsombor"]
[Black "Gencsi, David Sandor"]
[Result "1-0"]
[WhiteElo "1641"]
[BlackElo "1038"]
[Annotator "NA RC"]
[PlyCount "92"]
[EventDate "2019.06.21"]
[EventType "swiss"]
[EventCountry "HUN"]
[SourceTitle "playchess.com"]
[Source "ChessBase"]
[SourceQuality "1"]

1. e4 e5 2. Nf3 Nc6 3. Bb5 a6 4. Ba4 Nf6 5. O-O Bb4 6. Re1 O-O 7. c3 Ba5 8. Bxc6 dxc6 9. Nxe5 Re8 10. d4 h6 11. Bf4 Bd7 12. Qb3 Be6 13. Qxb7 Bd7 14. Qb3 Be6 15. Qd1 Bd7 16. Nd2 Rb8 17. Qa4 Bb6 18. Qxa6 c5 19. dxc5 Bxc5 20. Qc4 Bb6 21. Qxf7+ Kh8 22. Bxh6 Rg8 23. Qg6 Be8 24. Qf5 gxh6 25. Ndf3 Qe7 26. Nh4 Qg7 27. Qh3 Ng4 28. Nxg4 Qxg4 29. Qxg4 Rxg4 30. Nf5 Bd7 31. Nxh6 Rf4 32. Re2 Rbf8 33. Nf5 Re8 34. Ng3 Ref8 35. Nh1 Bb5 36. Ree1 Bxf2+ 37. Nxf2 Rxf2 38. a4 Bd3 39. b4 Rc2 40. Re3 Bc4 41. e5 Bd5 42. Rh3+ Kg8 43. Rg3+ Kh8 44. Re1 Rcf2 45. Rh3+ Kg8 46. Rg3+ Kh8 1-0

[Event "HUN-ch U8-U18 2019"]
[Site "Balatonlelle"]
[Date "2019.06.26"]
[Round "8.35"]
[White "Csernyik, Mark"]
[Black "Nagy, Levente"]
[Result "1-0"]
[WhiteElo "1704"]
[BlackElo "2092"]
[Annotator "NA RC"]
[PlyCount "59"]
[EventDate "2019.06.21"]
[EventType "swiss"]
[EventCountry "HUN"]
[SourceTitle "playchess.com"]
[Source "ChessBase"]
[SourceQuality "1"]

1. e4 c5 2. d4 cxd4 3. c3 dxc3 4. Nxc3 Nc6 5. Nf3 g6 6. Bc4 Bg7 7. O-O Nf6 8. Qe2 O-O 9. Rd1 Qc7 10. Nb5 Qb8 11. e5 Ng4 12. Bf4 Ngxe5 13. Nxe5 Nxe5 14. Rac1 d6 15. Bxe5 Bxe5 16. Nc7 Bf4 17. Qxe7 Bxc1 18. Rxc1 Bf5 19. Nxa8 Qxa8 20. Bd5 Qb8 21. Rc7 Qe8 22. Qxe8 Rxe8 23. Bxf7+ Kf8 24. Bxe8 Kxe8 25. Rxb7 d5 26. Kf1 d4 27. Ke2 d3+ 28. Kd2 Be4 29. Rxa7 Bxg2 30. Kxd3 1-0

[Event "HUN-ch U8-U18 2019"]
[Site "Balatonlelle"]
[Date "2019.06.28"]
[Round "9.1"]
[White "Markus, Molli Amina"]
[Black "Kovacs, Veronika"]
[Result "1-0"]
[WhiteElo "1755"]
[BlackElo "1162"]
[Annotator "NA"]
[PlyCount "73"]
[EventDate "2019.06.21"]
[EventType "swiss"]
[EventCountry "HUN"]
[SourceTitle "playchess.com"]
[Source "ChessBase"]
[SourceQuality "1"]

1. c4 c5 2. Nc3 Nc6 3. g3 g6 4. Bg2 Bg7 5. Nf3 e5 6. d3 Nge7 7. O-O O-O 8. Be3 d6 9. Qc1 f6 10. Rb1 Rb8 11. a3 a5 12. Bd2 Be6 13. Bh6 Qd7 14. Bxg7 Kxg7 15. Qd2 Bh3 16. Nd5 Bxg2 17. Kxg2 a4 18. Nb6 Qc7 19. Nxa4 Nd4 20. Nc3 Qc6 21. e4 f5 22. Nxd4 exd4 23. Nd5 Qd7 24. Nxe7 Qxe7 25. f3 f4 26. b4 h5 27. Qf2 h4 28. bxc5 dxc5 29. g4 Ra8 30. Rb3 g5 31. Rfb1 Rab8 32. Qb2 Rf7 33. Rb5 h3+ 34. Kg1 Qd6 35. a4 Rc7 36. a5 Qd7 37. a6 1-0

[Event "HUN-ch U8-U18 2019"]
[Site "Balatonlelle"]
[Date "2019.06.28"]
[Round "9.1"]
[White "Somogyi, Barbara"]
[Black "Szalovszky, Viktoria"]
[Result "1-0"]
[WhiteElo "1577"]
[BlackElo "1393"]
[Annotator "NA"]
[PlyCount "97"]
[EventDate "2019.06.21"]
[EventType "swiss"]
[EventCountry "HUN"]
[SourceTitle "playchess.com"]
[Source "ChessBase"]
[SourceQuality "1"]

1. e4 d5 2. exd5 Qxd5 3. Nc3 Qa5 4. d4 c6 5. Bc4 Bf5 6. Bd2 Qc7 7. Nf3 e6 8. Bb3 Nf6 9. Qe2 Be7 10. Ne5 Nbd7 11. O-O-O Nd5 12. Nxd5 cxd5 13. Ba4 Rd8 14. Nxd7 Rxd7 15. Bxd7+ Qxd7 16. Bc3 O-O 17. Kb1 Rc8 18. Rc1 Qc6 19. g4 Bg6 20. h4 h6 21. f4 Be4 22. Rh3 b5 23. Be1 b4 24. Rh2 a5 25. Ka1 Qa4 26. Qd1 Kh7 27. c3 b3 28. Qxb3 Qc6 29. Bd2 Bf3 30. g5 h5 31. Qc2+ Be4 32. Qd1 g6 33. Qb3 Bd6 34. Be3 Rb8 35. Qd1 Qc7 36. Rf2 Rb6 37. Qa4 Rc6 38. Qb5 Bb4 39. Rff1 Rxc3 40. Bd2 Rc2 41. Rxc2 Qxc2 42. Bxb4 Bd3 43. Qc5 Qh2 44. Rc1 axb4 45. Qxb4 Qxf4 46. Qc3 e5 47. dxe5 d4 48. Qc7 Bb5 49. e6 1-0

[Event "HUN-ch U8-U18 2019"]
[Site "Balatonlelle"]
[Date "2019.06.28"]
[Round "9.2"]
[White "Gombocz, Zsofia"]
[Black "Juhasz, Judit"]
[Result "0-1"]
[WhiteElo "2077"]
[BlackElo "1963"]
[Annotator "NA"]
[PlyCount "152"]
[EventDate "2019.06.21"]
[EventType "swiss"]
[EventCountry "HUN"]
[SourceTitle "playchess.com"]
[Source "ChessBase"]
[SourceQuality "1"]

1. e4 c5 2. Nf3 e6 3. c4 Nc6 4. Nc3 Nf6 5. Be2 d5 6. exd5 exd5 7. d4 cxd4 8. Nxd4 Bb4 9. Nxc6 bxc6 10. O-O d4 11. Qa4 a5 12. a3 Bb7 13. Nd5 Be7 14. Bf3 O-O 15. Nxe7+ Qxe7 16. Bxc6 Bxc6 17. Qxc6 Rfc8 18. Qa4 Qe2 19. c5 d3 20. Be3 Nd5 21. Bd4 d2 22. Rad1 Qd3 23. Be5 Rxc5 24. Qd4 Qxd4 25. Bxd4 Rc2 26. g3 a4 27. Kg2 Re8 28. h3 Re4 29. Bc3 Nxc3 30. bxc3 Rc4 31. Kf3 R2xc3+ 32. Ke2 Rxa3 33. Kxd2 f6 34. Ra1 Rd4+ 35. Ke2 Re4+ 36. Kd2 Rb3 37. Ra2 Rd4+ 38. Kc2 Rc4+ 39. Kd2 Kf7 40. Rfa1 Rbb4 41. Re1 Rd4+ 42. Kc1 Rd3 43. Ree2 a3 44. Red2 Rdb3 45. Kd1 Ke6 46. Ke1 Ke5 47. Ke2 Rd4 48. Rdc2 Kd5 49. Rc7 Rdb4 50. Rd2+ Ke6 51. Rc6+ Kf5 52. Rc5+ Kg6 53. Ra5 Rc4 54. Kd1 Rb1+ 55. Ke2 Rc3 56. Ra2 Rb2+ 57. Rxb2 axb2 58. Rb5 Rc2+ 59. Ke3 Kf7 60. f4 Rg2 61. Kf3 Rh2 62. g4 Ke6 63. h4 Kd6 64. Ke4 Rxh4 65. Rxb2 Rxg4 66. Kf3 Rg1 67. Rh2 h6 68. Ke4 Ke6 69. f5+ Kf7 70. Kf3 Kg8 71. Kf4 Kh7 72. Ra2 h5 73. Rh2 Rg4+ 74. Kf3 Kh6 75. Ke3 Kg5 76. Rf2 h4 0-1

[Event "HUN-ch U8-U18 2019"]
[Site "Balatonlelle"]
[Date "2019.06.28"]
[Round "9.2"]
[White "Kiraly, Lilla Virag"]
[Black "Deak-Sala, Emilia"]
[Result "1/2-1/2"]
[WhiteElo "1557"]
[BlackElo "1415"]
[Annotator "NA"]
[PlyCount "80"]
[EventDate "2019.06.21"]
[EventType "swiss"]
[EventCountry "HUN"]
[SourceTitle "playchess.com"]
[Source "ChessBase"]
[SourceQuality "1"]

1. e4 c5 2. Nc3 Nc6 3. g3 g6 4. Bg2 Bg7 5. d3 d6 6. Be3 e6 7. f4 Nge7 8. Nf3 O-O 9. Qd2 Nd4 10. O-O Nec6 11. Rae1 Nxf3+ 12. Bxf3 Nd4 13. Bg2 Rb8 14. Qf2 b6 15. h3 Bb7 16. Kh2 a6 17. Nd1 f5 18. exf5 Nxf5 19. Bd2 e5 20. Bxb7 Rxb7 21. Qg2 Rb8 22. c3 Qd7 23. a3 Kh8 24. Qd5 Ne7 25. Qg2 Nf5 26. Bc1 Qb5 27. Qd5 Rbd8 28. Qf3 Qa4 29. Qg2 Qd7 30. Nf2 Rde8 31. Ne4 d5 32. Ng5 h6 33. Nf3 exf4 34. Bxf4 Rxe1 35. Rxe1 Re8 36. Qd2 g5 37. Be5 Kh7 38. Bxg7 Kxg7 39. Qf2 Rxe1 40. Qxe1 Qd6 1/2-1/2

[Event "HUN-ch U8-U18 2019"]
[Site "Balatonlelle"]
[Date "2019.06.28"]
[Round "9.3"]
[White "Suli, Henrietta"]
[Black "Vidak, Boglarka"]
[Result "0-1"]
[WhiteElo "1107"]
[BlackElo "1248"]
[Annotator "NA"]
[PlyCount "72"]
[EventDate "2019.06.21"]
[EventType "swiss"]
[EventCountry "HUN"]
[SourceTitle "playchess.com"]
[Source "ChessBase"]
[SourceQuality "1"]

1. e4 e5 2. Nf3 Nc6 3. Nc3 Nf6 4. d4 exd4 5. Nxd4 Bb4 6. Bd3 Nxd4 7. O-O Bxc3 8. bxc3 Ne6 9. c4 d6 10. Re1 Nd7 11. f4 Qf6 12. e5 dxe5 13. fxe5 Nxe5 14. Bb2 Nf3+ 15. Qxf3 Qxb2 16. Qh5 Qf6 17. Rad1 Bd7 18. Rf1 Qe7 19. Be4 Qc5+ 20. Qxc5 Nxc5 21. Bd5 O-O 22. Rf4 c6 23. Bf3 Ne6 24. Rh4 Rad8 25. Bg4 f5 26. Be2 g5 27. Rh6 Kg7 28. Rh5 Kg6 29. h3 Nf4 30. Rd6+ Be6 31. Rxe6+ Nxe6 32. g3 Rd2 33. Bf3 Nd4 34. g4 Nxf3+ 35. Kf1 Re8 36. c5 Re1# 0-1